03538nam a2200421uu 4500001000800000005001700008007001000025008004100035035001200076040001300088041000800101082000800109100005600117245017000173260007300343300001300416520184300429650003602272650004502308650003602353650005602389650004402445650003602489650007702525650002902602650004202631650003302673650003602706650004902742650003302791650002602824700005302850942001002903999001902913502000902932526000602941952016902947129537820260508072310.0co|||||||120829e20110829 spa  a1295378 ccomduadb aspa 4a36310aHenao Roldán, Johan Sebastián4auteaut966511110aEstudio de caso sobre impactos ambientales en la zona costera y consulta previa en el sector de hidrocarburos en el Caribe colombiano (Oleoducto Central, Ocensa S.A) a[Lugar de publicación no identificado] :b[sin publicador],c2011. a1 CD-ROM3 aEl sector de los hidrocarburos, es un importante generador de rentas para la Nación y las entidades territoriales, con una contribución significativa en la oferta exportadora colombiana, es un sector cuyas operaciones resultan altamente impactantes en las regiones y localidades en que se desarrollan, en las cuales genera e induce significativas transformaciones en sus dinámicas socioeconómicas, culturales y ambientales. La industria petrolera reconoce la necesidad de identificar, evaluar y buscar las acciones óptimas de mitigación, reducción o prevención de estos impactos y ha implementado significativos procesos de mejoramiento técnico en estos campos. Le corresponde al país entonces, encontrar un adecuado equilibrio entre sus expectativas de crecimiento sectorial y los propósitos de conservación tanto de su patrimonio cultural como de su riqueza natural y ecosistémica, que constituyen también una oportunidad importante para apalancar sus futuros desarrollos. La existencia de petróleo en Colombia es sinónimo de riqueza, pero también es una de las principales causas de los conflictos sociales y políticos que han azotado a la nación durante el último siglo, viéndose involucrados principalmente las comunidades indígenas y afrodescendientes. El petróleo también se ha asociado durante las últimas décadas con procesos de degradación ambiental y de violencia; las conocidas zonas petroleras, que se han venido formando y caracterizando como tales por la explotación del crudo desde hace más de 80 años, han dado como resultado histórico una sociedad en conflicto antes que una sociedad de equidad. Así entonces se han visto vulnerados con el paso de las décadas los diferentes derechos de las comunidades indígenas y afrodescendientes en el país. 0aIndustria del petróleo946983 7aImpacto ambientalzColombia2lemb949501 aHidrocarburos - Colombia951381 aPetróleo - Colombia - Aspectos ambientales980068 aDegradación del medio ambiente936299 aExplotación petrolera9115846 aIndustria del petróleo - Aspectos socioeconómicos - Colombia9191876 aCaribe (Colombia)930727 7aComunidades indígenas2lemb9160058 7aPersonas negras2embne92133 aContaminación costera9173692 aContaminación marina por petróleo939818 aOleoductos - Colombia963047 7aEcología2lemb948210aGil Peláez, Mónica María4thseths9672364 cTESIS c613762d613762 b1c1 a1 001040708DIGITALaSCDMbSCDMd2012-08-29eMaterial adquirido por donacióniC1153397l0o363.7 H493 CD-ROMp0758530r2023-05-01 00:00:00t1w2023-05-01yDIGITAL